Lobbyisten Gottes - die Christian Right in den USA von 1980 bis 1996: zwischen Aktion, Reaktion und Wandel

Saved in:  
Bibliographic Details
Main Author: Sterr, Martin (Author)
Format: Print Book
Language:German
Published: Berlin Duncker und Humblot 1999
In: Ordo politicus (Bd. 33)
Year: 1999
Online Access: Contents
Publisher information
Check availability: HBZ Gateway
Subito Delivery Service: Order now.
Keywords:

MARC

LEADER 00000cam a2200000 c 4500
001 254311245
003 DE-627
005 20260206194909.0
007 tu
008 990208s1999 gw ||||| m 00| ||ger c
015 |a 99,N06,0123  |2 dnb 
015 |a 99,A17,0295  |2 dnb 
016 7 |a 95554808X  |2 DE-101 
020 |a 3428091655  |c  : DM 128.00, sfr 114.00, S 934.00 (kart.)  |9 3-428-09165-5 
035 |a (DE-627)254311245 
035 |a (DE-603)061284823 
035 |a (DE-576)074675834 
035 |a (DE-599)GBV254311245 
035 |a (OCoLC)260095885 
035 |a (OCoLC)260095885 
035 |a (OCoLC)44973833 
040 |a DE-627  |b ger  |c DE-627  |e rakwb 
041 |a ger 
044 |c XA-DE-BE  |c XD-US 
084 |a 12  |2 sdnb 
084 |a 12  |a 14  |a 16  |a 63  |2 sdnb 
084 |a 7,26  |2 ssgn 
084 |a 1  |2 ssgn 
084 |a MG 70340  |2 rvk  |0 (DE-625)rvk/122860:12102 
084 |a BG 6492  |2 rvk  |0 (DE-625)rvk/11300: 
084 |a BO 6935  |2 rvk  |0 (DE-625)rvk/14805: 
084 |a BL 6680  |2 rvk  |0 (DE-625)rvk/12264: 
084 |a 15.87  |2 bkl 
084 |a 11.53  |2 bkl 
090 |a a 
100 1 |a Sterr, Martin  |e Verf.  |4 aut 
245 1 0 |a Lobbyisten Gottes - die Christian Right in den USA von 1980 bis 1996  |b zwischen Aktion, Reaktion und Wandel  |c von Martin Sterr 
263 |a brosch. : DM 128.00, sfr 114.00, S 934.00 
264 1 |a Berlin  |b Duncker und Humblot  |c 1999 
300 |a 407 S.  |b graph. Darst., Kt.  |c 23,3 cm 
336 |a Text  |b txt  |2 rdacontent 
337 |a ohne Hilfsmittel zu benutzen  |b n  |2 rdamedia 
338 |a Band  |b nc  |2 rdacarrier 
490 1 |a Ordo politicus  |v Bd. 33 
500 |a Literaturverz. S. [369] - 402 
502 |a Zugl.: Freiburg (Breisgau), Univ., Diss., 1996 
583 1 |a Archivierung/Langzeitarchivierung gewährleistet  |c 20211213  |f DISS  |x XA-DE-BW  |2 pdager  |5 DE-25 
583 1 |a Archivierung/Langzeitarchivierung gewährleistet  |f SSG  |x XA-DE-BW  |2 pdager  |5 DE-21 
583 1 |a Archivierung prüfen  |c 20240324  |f DE-4165  |z 2  |2 pdager 
648 7 |a Geschichte 1980-1996  |2 gnd 
650 0 7 |0 (DE-588)4216128-9  |0 (DE-627)105051756  |0 (DE-576)210229314  |a Neue Christliche Rechte  |2 gnd 
651 7 |0 (DE-588)4078704-7  |0 (DE-627)106076612  |0 (DE-576)209209682  |a Usa  |2 gnd 
655 7 |a Hochschulschrift  |0 (DE-588)4113937-9  |0 (DE-627)105825778  |0 (DE-576)209480580  |2 gnd-content 
689 0 0 |d g  |0 (DE-588)4078704-7  |0 (DE-627)106076612  |0 (DE-576)209209682  |a USA  |2 gnd 
689 0 1 |d s  |0 (DE-588)4216128-9  |0 (DE-627)105051756  |0 (DE-576)210229314  |a Neue Christliche Rechte  |2 gnd 
689 0 2 |a z  |2 gnd  |a Geschichte 1980-1996 
689 0 |5 DE-101 
751 |a Freiburg im Breisgau  |0 (DE-588)4018272-1  |0 (DE-627)106326686  |0 (DE-576)208923535  |4 uvp 
830 0 |a Ordo politicus  |v Bd. 33  |9 33  |w (DE-627)130215198  |w (DE-576)000557161  |w (DE-600)536322-6  |x 0474-3385  |7 am 
856 4 2 |u https://swbplus.bsz-bw.de/bsz074675834vlg.htm  |m V:DE-576  |v 2006-08-08  |3 Inhaltstext  |7 1 
856 4 2 |u http://scans.hebis.de/HEBCGI/show.pl?06128482_vlg.html  |m V:DE-576  |q text/html  |3 Verlagsinformation  |7 1 
935 |a mteo 
935 |i sf 
935 |i Blocktest 
936 r v |a MG 70340  |b Geschichte, Struktur, Probleme  |k Politologie  |k Politische Systeme einzelner Länder  |k Europa, Nordamerika  |k Nordamerika  |k USA  |k Parteien und politische Bewegungen  |k Mehrere Parteien, Parteiensysteme  |k Religiöse Parteien  |k Geschichte, Struktur, Probleme  |0 (DE-627)1272111687  |0 (DE-625)rvk/122860:12102  |0 (DE-576)202111687 
936 r v |a BG 6492  |b Politische Theologie  |k Theologie und Religionswissenschaften  |k Fundamentaltheologie  |k Glaube  |k Politische Theologie  |0 (DE-627)1270723235  |0 (DE-625)rvk/11300:  |0 (DE-576)200723235 
936 r v |a BO 6935  |b Kirche in den Ländern  |k Theologie und Religionswissenschaften  |k Patrologie und Kirchengeschichte  |k Kirchengeschichte nach Perioden  |k Seit Johannes XXIII. (seit 1958)  |k Darstellungen  |k Kirche in den Ländern  |0 (DE-627)1270653334  |0 (DE-625)rvk/14805:  |0 (DE-576)200653334 
936 r v |a BL 6680  |b Nichtdeutsche Parteien  |k Theologie und Religionswissenschaften  |k Christliche Gesellschaftslehre  |k Parteiwesen  |k Nichtdeutsche Parteien  |0 (DE-627)1270728210  |0 (DE-625)rvk/12264:  |0 (DE-576)200728210 
936 b k |a 15.87  |j USA  |x Geschichte  |0 (DE-627)181569760 
936 b k |a 11.53  |j Neuzeitliches Christentum  |0 (DE-627)181571498 
936 s n |a b100  |2 mzub 
936 s n |a m200  |2 mzub 
936 s n |a m100  |2 mzub 
936 s n |a n100  |2 mzub 
938 1 0 |0 (DE-627)1756241724  |0 (DE-615)6600257  |a Vereinigte Staaten  |2 fivt 
951 |a BO 
ELC |b 1 
LOK |0 000 xxxxxcx a22 zn 4500 
LOK |0 001 308086333X 
LOK |0 003 DE-627 
LOK |0 004 254311245 
LOK |0 005 20151116135716 
LOK |0 008 150728||||||||||||||||ger||||||| 
LOK |0 035   |a (DE-21-110)kd61534 
LOK |0 040   |a DE-21-110  |c DE-627  |d DE-21-110 
LOK |0 689   |a s  |a Recht 
LOK |0 689   |a s  |a Religion 
LOK |0 689   |a s  |a Moral 
LOK |0 689   |a s  |a Abtreibung 
LOK |0 689   |a s  |a USA 
LOK |0 689   |a s  |a Kriminalität 
LOK |0 852   |z Kein Bestand am IfK; Nachweis für KrimDok 
LOK |0 852   |a DE-21-110 
LOK |0 852 1  |9 00 
LOK |0 935   |a k110 
LOK |0 939   |a 28-07-15  |b l01 
ORI |a SA-MARC-krimdoka001.raw 
TIM |a 100019800101_100019961231  |b Geschichte 1980-1996